Unmanned aircraft systems : (Record no. 594128)

000 -LEADER
fixed length control field 02150cam a2200349 a 4500
001 - CONTROL NUMBER
control field 16193759
005 - DATE AND TIME OF LATEST TRANSACTION
control field 20230322162059.0
008 - FIXED-LENGTH DATA ELEMENTS--GENERAL INFORMATION
fixed length control field 100419s2010 vaua b 001 0 eng
010 ## - LIBRARY OF CONGRESS CONTROL NUMBER
LC control number 2010012948
020 ## - INTERNATIONAL STANDARD BOOK NUMBER
International Standard Book Number 9781600867590 (AIAA)
020 ## - INTERNATIONAL STANDARD BOOK NUMBER
International Standard Book Number 1600867596 (AIAA)
020 ## - INTERNATIONAL STANDARD BOOK NUMBER
International Standard Book Number 9780470058190 (Wiley)
020 ## - INTERNATIONAL STANDARD BOOK NUMBER
International Standard Book Number 0470058196 (Wiley)
035 ## - SYSTEM CONTROL NUMBER
System control number (OCoLC)ocn608490874
040 ## - CATALOGING SOURCE
Original cataloging agency DLC
Transcribing agency DLC
Modifying agency BWK
-- C#P
-- FER
-- YDXCP
-- CDX
-- DEBBG
-- DLC
050 00 - LIBRARY OF CONGRESS CALL NUMBER
Classification number TL718
Item number .A97 2010b
082 00 - DEWEY DECIMAL CLASSIFICATION NUMBER
Classification number 623.746
Edition number 22
Author Mark AUS
100 1# - MAIN ENTRY--PERSONAL NAME
Personal name Austin, Reg.
9 (RLIN) 111149
245 10 - TITLE STATEMENT
Title Unmanned aircraft systems :
Remainder of title UAVs design, development and deployment /
Statement of responsibility, etc. Reg Austin.
260 ## - PUBLICATION, DISTRIBUTION, ETC.
Place of publication, distribution, etc. Reston, Va. :
Name of publisher, distributor, etc. American Institute of Aeronautics and Astronautics ;
Place of publication, distribution, etc. Chichester :
Name of publisher, distributor, etc. Wiley,
Date of publication, distribution, etc. 2010.
300 ## - PHYSICAL DESCRIPTION
Extent xxix, 332 p. :
Other physical details ill. ;
Dimensions 26 cm.
490 1# - SERIES STATEMENT
Series statement AIAA education series
504 ## - BIBLIOGRAPHY, ETC. NOTE
Bibliography, etc. note Includes bibliographical references and index.
505 0# - FORMATTED CONTENTS NOTE
Formatted contents note Introduction to unmanned aircraft systems (UAS) -- Introduction to design and selection of the system -- Aerodynamics and airframe configurations -- Characteristics of aircraft types -- Design standards and regulatory aspects -- Aspects of airframe design -- Design for stealth -- Payload types -- Communications -- Control and stability -- Navigation -- Launch and recovery -- Control stations -- Support equipment -- Transportation -- Design for reliability -- Design for manufacture and development -- Introduction to system development and certification -- System ground testing -- System in-flight testing -- Operational trials and full certification -- UAV system deployment -- Naval rôles -- Army rôles -- Air Force rôles -- Civilian, paramilitary and commercial rôles -- Future prospects and challenges -- UAV systems continuing evolution -- Appendix : UAS organisations.
650 #0 - SUBJECT ADDED ENTRY--TOPICAL TERM
Topical term or geographic name entry element Drone aircraft.
9 (RLIN) 1419
650 #0 - SUBJECT ADDED ENTRY--TOPICAL TERM
Topical term or geographic name entry element Airplanes
General subdivision Radio control.
9 (RLIN) 1420
650 #0 - SUBJECT ADDED ENTRY--TOPICAL TERM
Topical term or geographic name entry element Navigation (Aeronautics)
9 (RLIN) 1421
830 #0 - SERIES ADDED ENTRY--UNIFORM TITLE
Uniform title AIAA education series.
9 (RLIN) 1422
906 ## - LOCAL DATA ELEMENT F, LDF (RLIN)
a 7
b cbc
c orignew
d 1
e ecip
f 20
g y-gencatlg
942 ## - ADDED ENTRY ELEMENTS (KOHA)
Source of classification or shelving scheme
Koha item type Book
Holdings
Withdrawn status Lost status Source of classification or shelving scheme Damaged status Not for loan Permanent Location Current Location Shelving location Date acquired Total Checkouts Full call number Barcode Checked out Date last seen Date last checked out Price effective from Koha item type
          School of Mechanical & Manufacturing Engineering (SMME) School of Mechanical & Manufacturing Engineering (SMME) Aerospace Engineering 03/22/2023 1 623.746 AUS SMME-4138 03/05/2026 02/03/2026 02/03/2026 03/22/2023 Book
© 2023 Central Library, National University of Sciences and Technology. All Rights Reserved.